|
|
|
|
| LEADER |
01847nam a2200433 i 4500 |
| 001 |
EBC4432246 |
| 003 |
MiAaPQ |
| 005 |
20200520144314.0 |
| 006 |
m o d | |
| 007 |
cr cnu|||||||| |
| 008 |
160328t20162016nyuad ob 001 0 eng d |
| 020 |
|
|
|z 9781118926581
|
| 020 |
|
|
|a 9781118926598
|q (electronic bk.)
|
| 035 |
|
|
|a (MiAaPQ)EBC4432246
|
| 035 |
|
|
|a (Au-PeEL)EBL4432246
|
| 035 |
|
|
|a (CaPaEBR)ebr11169564
|
| 035 |
|
|
|a (CaONFJC)MIL902569
|
| 035 |
|
|
|a (OCoLC)945135824
|
| 040 |
|
|
|a MiAaPQ
|b eng
|e rda
|e pn
|c MiAaPQ
|d MiAaPQ
|
| 050 |
|
4 |
|a TS174
|b .B463 2016
|
| 082 |
0 |
|
|a 620.0046
|2 23
|
| 100 |
1 |
|
|a Ben-Daya, M.
|q (Mohamed),
|e author.
|
| 245 |
1 |
0 |
|a Introduction to maintenance engineering :
|b modeling, optimization, and management /
|c Mohamed Ben-Daya, Uday Kumar, D. N. Prabhakar Murthy.
|
| 264 |
|
1 |
|a Chichester, England :
|b Wiley,
|c 2016.
|
| 264 |
|
4 |
|c 2016
|
| 300 |
|
|
|a 1 online resource (686 pages) :
|b illustrations, charts
|
| 336 |
|
|
|a text
|2 rdacontent
|
| 337 |
|
|
|a computer
|2 rdamedia
|
| 338 |
|
|
|a online resource
|2 rdacarrier
|
| 504 |
|
|
|a Includes bibliographical references at the end of each chapters and index.
|
| 588 |
|
|
|a Description based on print version record.
|
| 590 |
|
|
|a Electronic reproduction. Ann Arbor, MI : ProQuest, 2016. Available via World Wide Web. Access may be limited to ProQuest affiliated libraries.
|
| 650 |
|
0 |
|a Maintenance.
|
| 655 |
|
4 |
|a Electronic books.
|
| 700 |
1 |
|
|a Kumar, Uday,
|e author.
|
| 700 |
1 |
|
|a Murthy, D. N. P.,
|e author.
|
| 776 |
0 |
8 |
|i Print version:
|a Ben-Daya, Mohamed.
|t Introduction to maintenance engineering : modeling, optimization, and management.
|d Chichester, England : Wiley, c2016
|h xl, 643 pages
|z 9781118926581
|w 2015036759
|
| 797 |
2 |
|
|a ProQuest (Firm)
|
| 856 |
4 |
0 |
|u https://ebookcentral.proquest.com/lib/matrademy/detail.action?docID=4432246
|z Click to View
|